Statistics for All players to win a PDC major

Click here to take the quiz!

General Stats

  • This quiz has been taken 31 times
    (8 since last reset)
  • The average score is 18 of 25

Answer Stats

HintAnswer% Correct
EnglandPhil Taylor
100%
CanadaJohn Part
100%
Northern IrelandDaryl Gurney
100%
ScotlandGary Anderson
100%
AustriaMensur Suljovic
100%
ScotlandPeter Wright
100%
AustraliaSimon Whitlock
100%
EnglandRob Cross
83%
EnglandJames Wade
83%
EnglandAdrian Lewis
83%
EnglandDennis Priestley
83%
NetherlandsRaymond Van Barneveld
83%
NetherlandsMichael Van Gerwen
83%
EnglandPeter Manley
67%
EnglandRod Harrington
67%
USALarry Butler
67%
ScotlandRobert Thornton
67%
EnglandPeter Evison
50%
EnglandKevin Painter
50%
AustraliaPaul Nicholson
50%
EnglandColin Osborne
33%
EnglandAlan Warriner
33%
EnglandColin Lloyd
33%
NetherlandsRoland Scholten
33%
USAStacy Bromberg
17%

Score Distribution

Percentile by Number Answered

Percent of People with Each Score

Your Score History

You have not taken this quiz since the last reset